[Event "34 Open Internacional Ciudad de San Seba"]
[Site "Donostia-San Sebastian"]
[Date "2011.04.16"]
[Round "1"]
[White "Spraggett, Kevin"]
[Black "Garay Lenne, Luis Maria"]
[Result "1-0"]
[WhiteElo "2576"]
[BlackElo "1999"]
[PlyCount "91"]
[EventDate "2011.04.16"]
[EventRounds "9"]
[EventCountry "ESP"]

1. e4 e5 2. Nf3 Nc6 3. Bb5 a6 4. Ba4 Nf6 5. d3 d6 6. c3 Be7 7. O-O b5 8. Bb3
O-O 9. Nbd2 Bb7 10. Re1 Nb8 11. Nf1 Nbd7 12. Ng3 Nc5 13. Bc2 Re8 14. b4 Ncd7
15. Bd2 Bf8 16. d4 g6 17. a4 c6 18. Bb3 Qc7 19. Rc1 c5 20. bxc5 dxc5 21. d5 c4
22. Bc2 Bc5 23. Rf1 Bc8 24. Rb1 Rb8 25. h3 Bf8 26. Bg5 h6 27. Be3 Nc5 28. axb5
axb5 29. Qd2 Kh7 30. Nh2 Rb7 31. Kh1 Qd8 32. Rbe1 Ng8 33. f4 Qh4 34. Rf3 exf4
35. Bxf4 Nf6 36. e5 Rbe7 37. Rff1 Nh5 38. Nxh5 Qxh5 39. d6 Re6 40. Bd1 Qh4 41.
Nf3 Qd8 42. Bc2 Bb7 43. Nd4 Qh4 44. Kh2 Bg7 45. Bg3 Qd8 46. Rxf7 1-0

[Event "34 Open Internacional Ciudad de San Seba"]
[Site "Donostia-San Sebastian"]
[Date "2011.04.16"]
[Round "1"]
[White "Narciso Dublan, Marc"]
[Black "Montolio Benedicto, Cesar"]
[Result "1-0"]
[WhiteElo "2551"]
[BlackElo "1992"]
[PlyCount "59"]
[EventDate "2011.04.16"]
[EventRounds "9"]
[EventCountry "ESP"]

1. e4 e5 2. Bc4 Nf6 3. d3 d6 4. Nc3 Be7 5. f4 Nc6 6. Nf3 O-O 7. O-O Be6 8. f5
Bxc4 9. dxc4 a6 10. Kh1 Rb8 11. a4 a5 12. Bg5 Nb4 13. Qd2 Qe8 14. g4 Qc6 15.
Bxf6 Bxf6 16. g5 Bd8 17. b3 b6 18. f6 g6 19. Qg2 Qd7 20. Rad1 Qe6 21. Nd5 Nxd5
22. exd5 Qd7 23. Nd2 Rc8 24. Ne4 Kh8 25. Qg3 c6 26. Qh4 h5 27. gxh6 cxd5 28.
Rxd5 Rc6 29. h7 Qe6 30. Qh6 1-0

[Event "34 Open Internacional Ciudad de San Seba"]
[Site "Donostia-San Sebastian"]
[Date "2011.04.16"]
[Round "1"]
[White "Sebenik, Matej"]
[Black "Clement, Alexandre"]
[Result "1-0"]
[WhiteElo "2530"]
[BlackElo "1982"]
[PlyCount "227"]
[EventDate "2011.04.16"]
[EventRounds "9"]
[EventCountry "ESP"]

1. Nf3 Nf6 2. c4 c6 3. Nc3 d5 4. d4 e6 5. g3 Bd6 6. Bg2 O-O 7. O-O Nbd7 8. Nd2
Bc7 9. e4 dxe4 10. Ndxe4 e5 11. d5 Nxe4 12. Nxe4 cxd5 13. cxd5 h6 14. Be3 f5
15. d6 Bb6 16. Nc3 Bxe3 17. Qb3+ Kh7 18. fxe3 e4 19. Rad1 Ne5 20. Qb5 Ng4 21.
d7 Nxe3 22. dxc8=Q Qxc8 23. Rd7 Nxf1 24. Bxf1 b6 25. Bh3 Qc5+ 26. Qxc5 bxc5 27.
Nd5 Kg6 28. Nf4+ Kf6 29. Rd6+ Ke7 30. Rc6 Rf7 31. Ng6+ Kd8 32. Rxc5 Rc8 33.
Rxc8+ Kxc8 34. Bxf5+ Kd8 35. g4 Rc7 36. Bxe4 Rd7 37. Nf4 Rd1+ 38. Kf2 Rd2+ 39.
Ne2 Rxb2 40. Bd5 Ke7 41. h4 a5 42. Ke3 Kd6 43. Bf7 Kc5 44. h5 Rb7 45. Bb3 Kb4
46. Nf4 Ka3 47. Bd5 Rb4 48. Be6 Rb7 49. Kd4 a4 50. Nd3 Rb6 51. Nc5 Rb4+ 52. Ke5
Rb5 53. Kd6 Kb4 54. Nxa4 Rg5 55. Nb6 g6 56. Nd5+ Ka3 57. hxg6 Rxg6 58. Nf4 Rg5
59. Nh3 Ra5 60. Bb3 Kb4 61. Ke6 Kc3 62. Kf6 Kd4 63. Kg6 Ra6+ 64. Kf5 Ke3 65.
Nf4 Kf3 66. Bd5+ Kg3 67. Nh5+ Kh4 68. Nf6 Rb6 69. Be6 Ra6 70. Ne4 Rc6 71. Ke5
Ra6 72. Nc5 Ra5 73. Kd6 Kg5 74. a4 h5 75. gxh5 Kxh5 76. Kc6 Kg6 77. Kb6 Rxa4
78. Nxa4 Kg7 79. Kc6 Kh8 80. Kd6 Kg7 81. Ke5 Kg6 82. Nc3 Kg7 83. Ne4 Kg6 84.
Bf5+ Kf7 85. Kd6 Kg7 86. Ke6 Kh6 87. Bg4 Kg6 88. Be2 Kg7 89. Bh5 Kh6 90. Bf7
Kg7 91. Ke7 Kh6 92. Kf6 Kh7 93. Nd6 Kh6 94. Nf5+ Kh7 95. Bg6+ Kg8 96. Nh6+ Kf8
97. Bf5 Ke8 98. Nf7 Kf8 99. Bh7 Ke8 100. Ne5 Kf8 101. Nd7+ Ke8 102. Ke6 Kd8
103. Kd6 Ke8 104. Bg6+ Kd8 105. Ne5 Kc8 106. Bd3 Kd8 107. Bb5 Kc8 108. Bd7+ Kb7
109. Nc4 Ka6 110. Kc7 Ka7 111. Bc8 Ka8 112. Na5 Ka7 113. Nc6+ Ka8 114. Bb7# 1-0

[Event "34 Open Internacional Ciudad de San Seba"]
[Site "Donostia-San Sebastian"]
[Date "2011.04.16"]
[Round "1"]
[White "Torres, Patrice"]
[Black "Moreno Ruiz, Javier"]
[Result "0-1"]
[WhiteElo "1981"]
[BlackElo "2527"]
[PlyCount "80"]
[EventDate "2011.04.16"]
[EventRounds "9"]
[EventCountry "ESP"]

1. Nf3 c5 2. g3 g6 3. Bg2 Bg7 4. O-O Nc6 5. c4 d6 6. Nc3 e5 7. d3 Nge7 8. e4
O-O 9. Nd5 Nxd5 10. cxd5 Ne7 11. Nd2 f5 12. f3 f4 13. g4 g5 14. a4 Ng6 15. Nc4
h5 16. h3 Rf7 17. Bd2 Bf8 18. Rf2 Rh7 19. Bf1 Qf6 20. Qe2 Nh4 21. Be1 Qh6 22.
b3 hxg4 23. fxg4 Be7 24. Nd2 Bd7 25. Nf3 Nxf3+ 26. Qxf3 b5 27. a5 b4 28. Raa2
Rb8 29. Rh2 Bd8 30. Qd1 Qf6 31. Kf2 Rb5 32. Kf3 Rxa5 33. Rxa5 Bxa5 34. Ra2 Bb6
35. Bf2 Qh8 36. Ke2 Rxh3 37. Bxh3 Qxh3 38. Qf1 Bxg4+ 39. Ke1 Qf3 40. Qe2 Qxe2+
0-1

[Event "34 Open Internacional Ciudad de San Seba"]
[Site "Donostia-San Sebastian"]
[Date "2011.04.16"]
[Round "1"]
[White "Alvarez Pedraza, Aramis"]
[Black "Houdeyer, Hendricks"]
[Result "1-0"]
[WhiteElo "2515"]
[BlackElo "1978"]
[PlyCount "47"]
[EventDate "2011.04.16"]
[EventRounds "9"]
[EventCountry "ESP"]

1. d4 d6 2. Nf3 Nf6 3. Bg5 Nbd7 4. Nbd2 e5 5. e3 Be7 6. Bd3 O-O 7. c3 c6 8. Qc2
Qc7 9. O-O-O b5 10. g4 g6 11. h4 d5 12. dxe5 Nxe5 13. Nxe5 Qxe5 14. Rdg1 Nxg4
15. Nf3 Qd6 16. Bf4 Qf6 17. h5 Bc5 18. Rh4 d4 19. cxd4 Bxd4 20. Rhxg4 Bxg4 21.
Rxg4 c5 22. hxg6 h5 23. gxf7+ Kxf7 24. Rg6 1-0

[Event "34 Open Internacional Ciudad de San Seba"]
[Site "Donostia-San Sebastian"]
[Date "2011.04.16"]
[Round "1"]
[White "Newrkla, Alexander"]
[Black "San Segundo Carrillo, Pablo"]
[Result "0-1"]
[WhiteElo "1962"]
[BlackElo "2513"]
[PlyCount "68"]
[EventDate "2011.04.16"]
[EventRounds "9"]
[EventCountry "ESP"]

1. e4 c6 2. d4 d5 3. exd5 cxd5 4. c4 Nf6 5. Nc3 e6 6. Nf3 Bb4 7. a3 Bxc3+ 8.
bxc3 O-O 9. c5 b6 10. cxb6 axb6 11. Bd3 Ba6 12. O-O Qc8 13. Bf4 Ne4 14. c4 Bxc4
15. Bxc4 Qxc4 16. Ne5 Qa4 17. Be3 Qxd1 18. Rfxd1 f6 19. Nf3 Nd7 20. Rdc1 Rfc8
21. Kf1 Kf7 22. Ke2 Rxc1 23. Bxc1 Ra4 24. Bb2 Nd6 25. Bc3 Nc4 26. Bb4 Nb8 27.
Ne1 Nc6 28. Nc2 h5 29. f4 Kg6 30. Re1 Kf5 31. Kd3 Nxb4+ 32. axb4 Ra2 33. Kc3 b5
34. Re2 Ra6 0-1

[Event "34 Open Internacional Ciudad de San Seba"]
[Site "Donostia-San Sebastian"]
[Date "2011.04.16"]
[Round "1"]
[White "Andres Gonzalez, Alberto"]
[Black "Miguelez Garcia, Erlantz"]
[Result "1-0"]
[WhiteElo "2503"]
[BlackElo "1957"]
[PlyCount "49"]
[EventDate "2011.04.16"]
[EventRounds "9"]
[EventCountry "ESP"]

1. Nf3 Nf6 2. c4 b6 3. g3 Bb7 4. Bg2 g6 5. O-O Bg7 6. d4 c5 7. d5 O-O 8. Nc3 d6
9. Bf4 a6 10. a4 Nbd7 11. h3 Rb8 12. Qd3 Nh5 13. Bd2 f5 14. e4 Ne5 15. Nxe5
dxe5 16. exf5 gxf5 17. Qe2 Qe8 18. Bf3 Nf6 19. Qxe5 Qg6 20. Qe6+ Kh8 21. Bf4
Bc8 22. Qxe7 Ne4 23. Bxb8 Nd2 24. Bg2 f4 25. Be5 1-0

[Event "34 Open Internacional Ciudad de San Seba"]
[Site "Donostia-San Sebastian"]
[Date "2011.04.16"]
[Round "1"]
[White "Baron, Romuald"]
[Black "Pap, Misa"]
[Result "0-1"]
[WhiteElo "1950"]
[BlackElo "2496"]
[PlyCount "44"]
[EventDate "2011.04.16"]
[EventRounds "9"]
[EventCountry "ESP"]

1. e4 c5 2. Nf3 Nc6 3. Bb5 g6 4. O-O Bg7 5. c3 Nf6 6. Re1 O-O 7. d4 d5 8. e5
Ne4 9. Nbd2 Nxd2 10. Bxd2 cxd4 11. cxd4 Qb6 12. Qb3 Nxd4 13. Nxd4 Qxd4 14. Bb4
a6 15. Rad1 Qb6 16. Ba4 Bg4 17. Rd3 Rfc8 18. Bxe7 Qe6 19. Qb4 Rc4 20. Qxb7 Rac8
21. Rxd5 Rxa4 22. Rd6 Qc4 0-1

[Event "34 Open Internacional Ciudad de San Seba"]
[Site "Donostia-San Sebastian"]
[Date "2011.04.16"]
[Round "1"]
[White "Franco Alonso, Alejandro"]
[Black "Both, Gert"]
[Result "1-0"]
[WhiteElo "2489"]
[BlackElo "1944"]
[PlyCount "81"]
[EventDate "2011.04.16"]
[EventRounds "9"]
[EventCountry "ESP"]

1. Nf3 Nf6 2. c4 c6 3. d4 d5 4. Qc2 e6 5. g3 Be7 6. Bg2 O-O 7. O-O Nbd7 8. Nbd2
b6 9. e4 dxe4 10. Nxe4 Bb7 11. Rd1 Qc8 12. Nxf6+ Nxf6 13. c5 Rd8 14. Bd2 Nd7
15. b4 Bf6 16. Bf4 Re8 17. Bd6 e5 18. Bh3 exd4 19. Rac1 Ba6 20. Nxd4 Bxd4 21.
Rxd4 Qb7 22. Bg2 Re2 23. Qa4 Rae8 24. h3 b5 25. Qb3 Nf6 26. Bf3 R2e6 27. Kg2 h6
28. Rcd1 Qa8 29. Bf4 Bb7 30. a4 a6 31. Bc1 Qc8 32. Bb2 Qc7 33. h4 Nd5 34. axb5
axb5 35. Rg4 Nf6 36. Qc3 Qe7 37. Rd6 Qf8 38. Rxe6 Rxe6 39. Qxf6 Rxf6 40. Bxf6
g5 41. Rd4 1-0

[Event "34 Open Internacional Ciudad de San Seba"]
[Site "Donostia-San Sebastian"]
[Date "2011.04.16"]
[Round "1"]
[White "Fernandez Zubitur, Jokin"]
[Black "Starostits, Ilmars"]
[Result "0-1"]
[WhiteElo "1935"]
[BlackElo "2486"]
[PlyCount "58"]
[EventDate "2011.04.16"]
[EventRounds "9"]
[EventCountry "ESP"]

1. e4 c5 2. Nc3 a6 3. f4 b5 4. Nf3 Bb7 5. d3 e6 6. g3 d5 7. e5 Ne7 8. Bg2 Nf5
9. O-O h5 10. d4 h4 11. g4 Nxd4 12. Nxd4 cxd4 13. Qxd4 h3 14. Bf3 Nd7 15. b4
Qb6 16. Qxb6 Nxb6 17. a3 Rc8 18. Be3 Nc4 19. Bd4 g5 20. f5 Nd2 21. Rf2 Nxf3+
22. Rxf3 Rh4 23. Rd1 Rxg4+ 24. Kf1 Rc4 25. fxe6 Rgxd4 26. Rxd4 Rxd4 27. exf7+
Ke7 28. Rxh3 Rf4+ 29. Ke2 Bg7 0-1

[Event "34 Open Internacional Ciudad de San Seba"]
[Site "Donostia-San Sebastian"]
[Date "2011.04.16"]
[Round "1"]
[White "Elsness, Frode"]
[Black "Nogues Fernandez, Ramon"]
[Result "1/2-1/2"]
[WhiteElo "2484"]
[BlackElo "1925"]
[PlyCount "114"]
[EventDate "2011.04.16"]
[EventRounds "9"]
[EventCountry "ESP"]

1. d4 Nf6 2. c4 c5 3. d5 e6 4. Nc3 exd5 5. cxd5 d6 6. Nf3 g6 7. Bf4 a6 8. a4
Bg7 9. h3 Qe7 10. e3 Nbd7 11. Be2 O-O 12. O-O Ne8 13. Bh2 Nc7 14. Re1 Rb8 15.
a5 b5 16. axb6 Rxb6 17. Na4 Rb8 18. Nd2 Bb7 19. Nc4 Ne5 20. Ncb6 Nd7 21. Nxd7
Qxd7 22. Nb6 Qe7 23. Nc4 Nb5 24. Qd2 Rfe8 25. Bf3 Rbd8 26. Red1 Qg5 27. Ra5 Bf8
28. Ra4 Bg7 29. Na5 Bc8 30. Bf4 Qf6 31. Nc6 Qxb2 32. Nxd8 Qxd2 33. Rxd2 Rxd8
34. Kf1 f5 35. g4 fxg4 36. Bxg4 Bxg4 37. hxg4 Bc3 38. Rda2 a5 39. Rxa5 Bxa5 40.
Rxa5 Nc3 41. Ra6 Nxd5 42. Rxd6 Rxd6 43. Bxd6 c4 44. Ke1 Kf7 45. Kd2 Ke6 46. Bg3
Nf6 47. f3 Kd5 48. Kc3 h6 49. Bf4 h5 50. g5 Nd7 51. e4+ Ke6 52. Bg3 Ne5 53. f4
Nf3 54. Kxc4 h4 55. f5+ gxf5 56. exf5+ Kxf5 57. Bxh4 Nxh4 1/2-1/2

[Event "34 Open Internacional Ciudad de San Seba"]
[Site "Donostia-San Sebastian"]
[Date "2011.04.16"]
[Round "1"]
[White "Arana Garate, Jon"]
[Black "Tratar, Marko"]
[Result "0-1"]
[WhiteElo "1924"]
[BlackElo "2482"]
[PlyCount "108"]
[EventDate "2011.04.16"]
[EventRounds "9"]
[EventCountry "ESP"]

1. d4 d6 2. c4 g6 3. Nc3 Bg7 4. e4 Nf6 5. f3 c6 6. Be3 a6 7. Bd3 b5 8. Nge2
bxc4 9. Bxc4 d5 10. Bd3 dxe4 11. Bxe4 O-O 12. O-O Be6 13. Qd2 Re8 14. Rac1 Ra7
15. Rfd1 Bd5 16. Nf4 e6 17. Bb1 Nfd7 18. Nd3 Nb6 19. b3 a5 20. Ne5 a4 21. Bc2
axb3 22. Bxb3 Bxb3 23. axb3 Nd5 24. Nxd5 cxd5 25. Nd3 Qb6 26. Nc5 Nc6 27. Qc3
Ne7 28. Ra1 Rxa1 29. Rxa1 Nf5 30. Bf2 Rc8 31. b4 h5 32. Qd2 Qb5 33. g4 hxg4 34.
fxg4 Bh6 35. Qe1 Nd6 36. Qe5 Nc4 37. Qe2 Qxb4 38. Ra7 Qb6 39. Ra1 Qb2 40. Qxb2
Nxb2 41. Rb1 Nc4 42. Ra1 Bg7 43. Ra7 Nd6 44. Kf1 Nb5 45. Ra4 Nxd4 46. Bxd4 Bxd4
47. Nxe6 fxe6 48. Rxd4 g5 49. Kg2 Rc4 50. Rxc4 dxc4 51. Kf2 e5 52. Ke3 Kf7 53.
Kf3 c3 54. Ke2 e4 0-1

[Event "34 Open Internacional Ciudad de San Seba"]
[Site "Donostia-San Sebastian"]
[Date "2011.04.16"]
[Round "1"]
[White "Kalegin, Evgenij"]
[Black "Tung, Siu Hung"]
[Result "1-0"]
[WhiteElo "2473"]
[BlackElo "1924"]
[PlyCount "53"]
[EventDate "2011.04.16"]
[EventRounds "9"]
[EventCountry "ESP"]

1. e4 d6 2. d4 g6 3. Nf3 Bg7 4. Bc4 Nf6 5. Qe2 O-O 6. e5 dxe5 7. dxe5 Nd5 8.
Bd2 c6 9. Nc3 Na6 10. O-O-O Nac7 11. h4 b5 12. Bd3 Bg4 13. h5 Ne6 14. Qe4 f5
15. exf6 Nxf6 16. Qxc6 b4 17. Bc4 Qc8 18. Nd5 Nxd5 19. Qxd5 gxh5 20. Ng5 Rf6
21. Rde1 Bh6 22. f3 Kh8 23. Nxe6 Bxd2+ 24. Kxd2 Bxe6 25. Rxe6 Qg8 26. Kc1 Rd8
27. Qxh5 1-0

[Event "34 Open Internacional Ciudad de San Seba"]
[Site "Donostia-San Sebastian"]
[Date "2011.04.16"]
[Round "1"]
[White "Hansen, Torbjorn Ringdal"]
[Black "Buiza Prieto, Aizbeltz"]
[Result "1-0"]
[WhiteElo "2459"]
[BlackElo "1905"]
[PlyCount "101"]
[EventDate "2011.04.16"]
[EventRounds "9"]
[EventCountry "ESP"]

1. c4 f5 2. Nf3 Nf6 3. g3 g6 4. b4 Bg7 5. Bb2 d6 6. d4 e5 7. dxe5 Ng4 8. Bg2
Nc6 9. Qb3 Ngxe5 10. Nbd2 Qe7 11. O-O Be6 12. Nxe5 Bxe5 13. b5 Nd8 14. e4 f4
15. gxf4 Bxb2 16. Qxb2 O-O 17. f5 gxf5 18. exf5 Rxf5 19. f4 Qg7 20. Qxg7+ Kxg7
21. Be4 Rc5 22. Rac1 a6 23. f5 Bf7 24. f6+ Kh8 25. a4 axb5 26. axb5 Ra2 27. Rf2
Rg5+ 28. Kf1 Bg6 29. Bxg6 hxg6 30. Nf3 Rxf2+ 31. Kxf2 Rf5 32. Re1 Nf7 33. Re8+
Kh7 34. Re7 Rxf6 35. Rxc7 Kh6 36. Kg3 Ng5 37. Nxg5 Kxg5 38. Rxb7 Rf4 39. Rc7
Rd4 40. Kf3 Rd2 41. Ke4 Kf6 42. h3 Ke6 43. Rg7 Kf6 44. Ra7 Ke6 45. Ra3 Rb2 46.
Rg3 Re2+ 47. Kd4 Kf5 48. Rb3 Rd2+ 49. Kc3 Re2 50. b6 Re8 51. Kd4 1-0

[Event "34 Open Internacional Ciudad de San Seba"]
[Site "Donostia-San Sebastian"]
[Date "2011.04.16"]
[Round "1"]
[White "Richet, Clement"]
[Black "Gonzalez Perez, Arian"]
[Result "0-1"]
[WhiteElo "1901"]
[BlackElo "2458"]
[PlyCount "32"]
[EventDate "2011.04.16"]
[EventRounds "9"]
[EventCountry "ESP"]

1. d4 Nf6 2. c4 g6 3. Nc3 Bg7 4. Nf3 O-O 5. g3 d6 6. Bg2 c5 7. O-O cxd4 8. Nxd4
Nc6 9. Nxc6 bxc6 10. Bxc6 Rb8 11. Be3 Bh3 12. Re1 Rxb2 13. Rb1 Rxb1 14. Nxb1
Qc7 15. Bb5 a6 16. Bxa6 Qc6 0-1

[Event "34 Open Internacional Ciudad de San Seba"]
[Site "Donostia-San Sebastian"]
[Date "2011.04.16"]
[Round "1"]
[White "Venkatesh, M R."]
[Black "Orti Boix, Miquel Lluis"]
[Result "1-0"]
[WhiteElo "2455"]
[BlackElo "1895"]
[PlyCount "93"]
[EventDate "2011.04.16"]
[EventRounds "9"]
[EventCountry "ESP"]

1. e4 c5 2. Nc3 d6 3. d4 cxd4 4. Qxd4 Nc6 5. Bb5 Bd7 6. Bxc6 bxc6 7. Nf3 e5 8.
Qd3 Be7 9. Nd2 Nf6 10. Nc4 Be6 11. Bg5 Bxc4 12. Qxc4 Rc8 13. O-O O-O 14. Rad1
Qc7 15. Rd3 h6 16. Bh4 Nh5 17. Bg3 Rfd8 18. Rfd1 Nxg3 19. hxg3 Rd7 20. b3 Bf8
21. R3d2 Qb7 22. Qe2 Qb4 23. Na4 Rcd8 24. c4 Qb7 25. Qf3 a5 26. Rd3 g6 27. g4
Be7 28. Qe3 Bg5 29. Qb6 Be7 30. Qxa5 Ra8 31. Qb6 Ra6 32. Qe3 Bg5 33. Qe2 Qb4
34. Qe1 Qxe1+ 35. Rxe1 Ra5 36. Red1 Be7 37. c5 d5 38. exd5 Rxd5 39. Rxd5 cxd5
40. Rxd5 f6 41. Kf1 Kf7 42. Rd7 Ke6 43. Rc7 Bd8 44. Rb7 Ra6 45. Ke2 Ba5 46. b4
Bd8 47. Nc3 1-0

[Event "34 Open Internacional Ciudad de San Seba"]
[Site "Donostia-San Sebastian"]
[Date "2011.04.16"]
[Round "1"]
[White "Regillaga Otano, Jon"]
[Black "Colovic, Aleksandar"]
[Result "0-1"]
[WhiteElo "1893"]
[BlackElo "2452"]
[PlyCount "44"]
[EventDate "2011.04.16"]
[EventRounds "9"]
[EventCountry "ESP"]

1. d4 Nf6 2. Nf3 c5 3. e3 g6 4. Bd3 Bg7 5. O-O O-O 6. Nbd2 b6 7. b3 Bb7 8. c4
cxd4 9. exd4 d5 10. Bb2 Nc6 11. a3 Nh5 12. b4 Nf4 13. Bb1 dxc4 14. Nxc4 Nxd4
15. Bxd4 Bxd4 16. Ra2 Bf6 17. Rd2 Qc8 18. Ne3 Rd8 19. Ba2 Rxd2 20. Qxd2 Bxf3
21. gxf3 Qh3 22. Bd5 Be5 0-1

[Event "34 Open Internacional Ciudad de San Seba"]
[Site "Donostia-San Sebastian"]
[Date "2011.04.16"]
[Round "1"]
[White "Uriarte Prieto, Goyo"]
[Black "Santos Etxepare, Agustin"]
[Result "1-0"]
[WhiteElo "2100"]
[BlackElo "1575"]
[PlyCount "61"]
[EventDate "2011.04.16"]
[EventRounds "9"]
[EventCountry "ESP"]

1. e4 c5 2. c3 Nc6 3. d4 cxd4 4. cxd4 Qb6 5. Nf3 Nf6 6. Nc3 e6 7. a3 d5 8. e5
Ne4 9. Bd3 Nxd4 10. Nxd4 Bd7 11. Bxe4 dxe4 12. O-O Bc5 13. Na4 Qc7 14. Nxc5
Qxc5 15. Bf4 Rd8 16. Qd2 Bb5 17. Rfd1 Bd3 18. Nb3 Qb5 19. Qb4 Rd5 20. Rac1 a5
21. Rc8+ Rd8 22. Rxd8+ Kxd8 23. Qd6+ Qd7 24. Nxa5 Qxd6 25. Nxb7+ Kc7 26. Nxd6
f5 27. exf6 Rf8 28. fxg7 Rg8 29. Nf7+ Kd7 30. Be5 Ke7 31. Nh6 1-0

[Event "34 Open Internacional Ciudad de San Seba"]
[Site "Donostia-San Sebastian"]
[Date "2011.04.16"]
[Round "1"]
[White "Mateo, Ramon"]
[Black "Juanco Elizari, Felix Javier"]
[Result "1-0"]
[WhiteElo "2446"]
[BlackElo "1890"]
[PlyCount "49"]
[EventDate "2011.04.16"]
[EventRounds "9"]
[EventCountry "ESP"]

1. d4 d5 2. c4 c6 3. Qc2 g6 4. cxd5 Qxd5 5. Nf3 Bf5 6. Qa4 Bxb1 7. Rxb1 Nd7 8.
a3 Qf5 9. Ra1 Bg7 10. e3 e5 11. Be2 exd4 12. Nxd4 Qe4 13. O-O Nb6 14. Qd1 Ne7
15. Bf3 Qe5 16. a4 O-O 17. a5 Nbd5 18. a6 Qc7 19. axb7 Qxb7 20. Ra5 Rfd8 21.
Qa4 Bxd4 22. Qxd4 Nb4 23. Qf6 Ned5 24. Bxd5 Rxd5 25. e4 1-0

[Event "34 Open Internacional Ciudad de San Seba"]
[Site "Donostia-San Sebastian"]
[Date "2011.04.16"]
[Round "1"]
[White "Garro Beraza, Julen"]
[Black "Huerga Leache, Mikel"]
[Result "0-1"]
[WhiteElo "1889"]
[BlackElo "2440"]
[PlyCount "70"]
[EventDate "2011.04.16"]
[EventRounds "9"]
[EventCountry "ESP"]

1. e4 c5 2. Nf3 Nc6 3. Bb5 g6 4. O-O Bg7 5. Re1 e5 6. c3 Nge7 7. d3 d6 8. Nbd2
O-O 9. a3 h6 10. b4 cxb4 11. axb4 d5 12. Nb3 Kh7 13. Bb2 Bg4 14. h3 Bxf3 15.
Qxf3 f5 16. Qe3 d4 17. cxd4 exd4 18. Qd2 Qb6 19. Bxc6 Nxc6 20. Ba3 fxe4 21.
Rxe4 Rfe8 22. Rae1 Rxe4 23. Rxe4 Qa6 24. Bc1 Qa4 25. Nc5 Qxb4 26. Qxb4 Nxb4 27.
Bd2 Nd5 28. Nxb7 a5 29. Bc1 Nb4 30. Bb2 a4 31. Re7 Kg8 32. Nd6 a3 33. Rxg7+
Kxg7 34. Bxd4+ Kg8 35. Nc4 a2 0-1

[Event "34 Open Internacional Ciudad de San Seba"]
[Site "Donostia-San Sebastian"]
[Date "2011.04.16"]
[Round "1"]
[White "Barria Zuniga, Daniel"]
[Black "Tirado Parra, Alberto"]
[Result "1-0"]
[WhiteElo "2438"]
[BlackElo "1884"]
[PlyCount "73"]
[EventDate "2011.04.16"]
[EventRounds "9"]
[EventCountry "ESP"]

1. e4 d5 2. exd5 Qxd5 3. Nf3 Nf6 4. d4 Bf5 5. Be3 e6 6. c4 Bb4+ 7. Nbd2 Qd8 8.
Be2 a5 9. O-O O-O 10. a3 Be7 11. Nh4 Nbd7 12. Nxf5 exf5 13. Qb3 Rb8 14. Qb5 c5
15. Nb3 b6 16. Bf4 Rc8 17. Rad1 Qe8 18. Rfe1 Ne4 19. Bf1 g5 20. Bc1 f6 21. f3
Nd6 22. Qa4 Nb7 23. Kh1 Rd8 24. Qc6 Rb8 25. Qe6+ Rf7 26. Qxf5 a4 27. dxc5 Nbxc5
28. Nd4 Ne5 29. Qc2 Qc8 30. Nf5 Bf8 31. Ne3 Nb3 32. Nd5 Nxc1 33. Rxc1 Ng6 34.
Qxa4 g4 35. Qd1 Bh6 36. Rc3 Qf5 37. fxg4 1-0

[Event "34 Open Internacional Ciudad de San Seba"]
[Site "Donostia-San Sebastian"]
[Date "2011.04.16"]
[Round "1"]
[White "Fuente San Sebastian, Ernesto"]
[Black "Pogorelov, Ruslan"]
[Result "0-1"]
[WhiteElo "1879"]
[BlackElo "2430"]
[PlyCount "56"]
[EventDate "2011.04.16"]
[EventRounds "9"]
[EventCountry "ESP"]

1. e4 c5 2. Nf3 Nc6 3. d4 cxd4 4. Nxd4 Qc7 5. Nc3 e6 6. a3 a6 7. g3 Nf6 8. Bg2
Be7 9. O-O O-O 10. Be3 d6 11. Na4 Ne5 12. b3 b5 13. Nb2 Bb7 14. f3 d5 15. Nd3
dxe4 16. fxe4 Bxe4 17. Bf4 Bd6 18. Bxe5 Bxe5 19. Nxe5 Qxe5 20. Bxe4 Nxe4 21.
Nf3 Qc5+ 22. Kg2 Rfd8 23. Qe2 Nc3 24. Qf2 Qxf2+ 25. Rxf2 Rd5 26. Raf1 f6 27.
Re1 e5 28. Nh4 Rad8 0-1

[Event "34 Open Internacional Ciudad de San Seba"]
[Site "Donostia-San Sebastian"]
[Date "2011.04.16"]
[Round "1"]
[White "Collins, Sam E"]
[Black "Zaballa Zarzosa, Jon"]
[Result "1-0"]
[WhiteElo "2426"]
[BlackElo "1866"]
[PlyCount "57"]
[EventDate "2011.04.16"]
[EventRounds "9"]
[EventCountry "ESP"]

1. c4 g6 2. g3 Bg7 3. Bg2 Nf6 4. Nc3 O-O 5. d3 d6 6. e4 c6 7. Nge2 Qa5 8. O-O
Qh5 9. Nf4 Qxd1 10. Rxd1 e5 11. Nfe2 Bg4 12. h3 Be6 13. Rb1 Na6 14. b4 Nc7 15.
b5 d5 16. bxc6 bxc6 17. exd5 cxd5 18. d4 exd4 19. Nxd4 Rab8 20. Rxb8 Rxb8 21.
Bf4 Rc8 22. Nc6 Nh5 23. Ne7+ Kh8 24. Nxc8 Nxf4 25. gxf4 Bxc3 26. cxd5 Bxc8 27.
d6 Ne6 28. d7 Ba6 29. Rd6 1-0

[Event "34 Open Internacional Ciudad de San Seba"]
[Site "Donostia-San Sebastian"]
[Date "2011.04.16"]
[Round "1"]
[White "Daubas, Bernard"]
[Black "Thomassen, Joachim"]
[Result "0-1"]
[WhiteElo "1865"]
[BlackElo "2396"]
[PlyCount "54"]
[EventDate "2011.04.16"]
[EventRounds "9"]
[EventCountry "ESP"]

1. d4 Nf6 2. c4 g6 3. Nc3 Bg7 4. Nf3 O-O 5. Bf4 d6 6. e3 c5 7. Be2 Nh5 8. Bg5
h6 9. Bh4 g5 10. Nd2 cxd4 11. Nb5 dxe3 12. fxe3 Nf6 13. Bg3 Qb6 14. Bf2 Nc6 15.
O-O Ne5 16. e4 Qd8 17. Nxa7 Rxa7 18. Bxa7 b6 19. Qb3 Nfd7 20. c5 bxc5 21. Nc4
Nxc4 22. Bxc4 Qa5 23. Bxf7+ Kh8 24. Bb8 Ba6 25. Rf5 Rxb8 26. Qh3 Ne5 27. Bd5
Bc8 0-1

[Event "34 Open Internacional Ciudad de San Seba"]
[Site "Donostia-San Sebastian"]
[Date "2011.04.16"]
[Round "1"]
[White "Etchegaray, Patrice"]
[Black "Perrusset, Barbara"]
[Result "1-0"]
[WhiteElo "2394"]
[BlackElo "1859"]
[PlyCount "33"]
[EventDate "2011.04.16"]
[EventRounds "9"]
[EventCountry "ESP"]

1. e4 c5 2. c3 g6 3. Nf3 Bg7 4. Bc4 Nc6 5. d4 cxd4 6. cxd4 d6 7. Nc3 Nf6 8. d5
Nb8 9. O-O O-O 10. h3 Nbd7 11. Re1 a6 12. a4 Qa5 13. Bd2 Qb4 14. b3 Nb6 15. Bf1
Nfd7 16. Nb5 Qc5 17. b4 1-0

[Event "34 Open Internacional Ciudad de San Seba"]
[Site "Donostia-San Sebastian"]
[Date "2011.04.16"]
[Round "1"]
[White "D`amade, Philippe"]
[Black "Argandona Riveiro, Inigo"]
[Result "0-1"]
[WhiteElo "1847"]
[BlackElo "2389"]
[PlyCount "92"]
[EventDate "2011.04.16"]
[EventRounds "9"]
[EventCountry "ESP"]

1. e4 c5 2. Nc3 Nc6 3. g3 g6 4. Bg2 Bg7 5. Nge2 e6 6. O-O Nge7 7. d3 O-O 8. Be3
Nd4 9. Qd2 Rb8 10. f4 d6 11. Rae1 b5 12. a3 a5 13. Nb1 b4 14. axb4 axb4 15. c3
bxc3 16. bxc3 Nxe2+ 17. Rxe2 Qa5 18. Ref2 f5 19. h3 Ba6 20. Re1 Rfd8 21. d4
cxd4 22. cxd4 Qxd2 23. Rxd2 fxe4 24. Bxe4 Rb4 25. Bf2 Bc4 26. Na3 Bb3 27. Nc2
Ra4 28. Ree2 Kf7 29. g4 Rb8 30. Ne1 Bc4 31. Rb2 Bxe2 32. Rxb8 Bd1 33. Rb1 Bxd4
34. Bxg6+ Nxg6 35. Rxd1 Bxf2+ 36. Kxf2 Rxf4+ 37. Kg3 d5 38. Nf3 Kf6 39. g5+ Kf5
40. h4 Rg4+ 41. Kh3 Nf4+ 42. Kh2 Rg2+ 43. Kh1 Kg4 44. Ne5+ Kh3 45. Nf3 Rf2 46.
Ng1+ Kg3 0-1